| 000 | 00761nam a2200253 i 4500 | ||
|---|---|---|---|
| 001 | bgj | ||
| 100 | 1 | _aDIAMOND, Arthur | |
| 245 | 1 | 0 |
_aThe Bhopal Chemical Leak / _cby Arthur Diamond ; illustrated by Brian McGovern. |
| 260 |
_aSan Diego : _bLucent Books, _cc. 1990. |
||
| 300 |
_a64 pp : _bill. ; _c24 cm. |
||
| 490 | 1 | _aWorld Disasters | |
| 504 | _aBibliography p. 60. | ||
| 505 | _aIncludes index. | ||
| 610 | 2 | 9 | _aBhopal Union Carbide Plant Disaster, Bhopal, India, 1984 |
| 650 | 9 |
_aChemical industry _xAccidents |
|
| 700 | 1 |
_aMcGOVERN, Brian. _eill. |
|
| 830 | _aWorld Disasters | ||
| 020 | _a1560060093 (hbk) | ||
| 040 | _cBPK | ||
| 041 | _aeng | ||
| 920 | _a1-56006-009-3 (hbk) | ||
| 942 | _cKS | ||
| 008 | s uk f |000 0 eng | ||
| 999 |
_c41314 _d41314 |
||
| 856 |
_uhttp://koha.tu.koszalin.pl/cgi-bin/koha/opac-detail.pl?biblionumber=41314 _yKatalog online BPK |
||